000 00622nam a2200217Ii 4500
001 2325
003 CO-ViMGA
008 241108s9999||||xx |||||||||||||| ||und||
020 _a9586071111
040 _aCO-ViMGA
_bspa
_erda
_cCO-ViMGA
041 0 _aspa
082 0 4 _a248.83 - I45p
100 1 _aJuan Pablo II
_949237
245 1 0 _aLa paz y los jóvenes caminan juntos
264 1 _aBogotá, Colombia : Ediciones Paulinas, 1985
300 _avolumen
336 _atext
_btxt
_2rdacontent
337 _aunmediated
_bn
_2rdamedia
338 _avolume
_bnc
_2rdacarrier
940 _aidficha_siabuc: 2278. -- ficha_no_siabuc:2325
999 _c43880
_d43880